| Поле | Инд. | ПП | Название | Значение |
|---|---|---|---|---|
| Тип записи | a | |||
| Библиографический уровень | b | |||
| 001 | Контрольный номер | RU/IS/BASE/353523322 | ||
| 005 | Дата корректировки | 20200529173515.4 | ||
| 008 | Кодируемые данные | 20110315 | ||
| 040 | b | Код языка каталог. | rus | |
| e | Правила каталог. | PSBO | ||
| 041 | 0_ | a | Код языка текста | rus |
| 084 | a | Индекс другой классификации/Индекс ББК | 60.02; 60.52; 66.0 | |
| 100 | 1_ | a | Автор | Махаматов Т. М. |
| 100 | 1_ | a | Автор | Яковлева Л. Е. |
| 245 | 10 | a | Заглавие | Что угрожает демократии в эпоху массового общества |
| 504 | a | Библиография | Библиогр. ссылки | |
| 520 | a | Аннотация | Анализ образования и возрождения массового общества, его противоречивого влияния на демократию, трансформации демократии, факторов позитивизации массового общества, а также явлений, препятствующих демократизации общества | |
| 600 | a | Персоналии | Шумпетер Йозеф | |
| 650 | a | Основная рубрика | политика | |
| a | Основная рубрика | политология | ||
| a | Основная рубрика | социальная философия | ||
| a | Основная рубрика | социология | ||
| a | Основная рубрика | философия | ||
| 653 | a | Ключевые слова | демократия | |
| a | Ключевые слова | деполитизация | ||
| a | Ключевые слова | индивидуализация | ||
| a | Ключевые слова | либерализм | ||
| a | Ключевые слова | либеральная демократия | ||
| a | Ключевые слова | массовое общество | ||
| 773 | 08 | t | Заглавие источника | Вестник Московского университета. Серия 7, Философия |
| d | Дата издания источника | 2006 | ||
| g | Прочая информация | № 5. - С. 44 - 58 | ||
| w | Контрольный № источника | RU/IS/BASE/216310641 | ||
| 901 | t | Тип документа | b |